<?xml version='1.0' encoding='UTF-8'?>
  <record xmlns="http://www.loc.gov/MARC21/slim">
    <leader>00000ctm a22000007a 4500</leader>
    <controlfield tag="001">ocn965405051</controlfield>
    <controlfield tag="003">OCoLC</controlfield>
    <controlfield tag="005">20250712061612.8</controlfield>
    <controlfield tag="008">150217q14501500ne            000 0 lat d</controlfield>
    <datafield tag="040" ind1=" " ind2=" ">
      <subfield code="a">QGJ</subfield>
      <subfield code="b">dut</subfield>
      <subfield code="c">QGJ</subfield>
      <subfield code="d">OCLCA</subfield>
      <subfield code="d">OCLCO</subfield>
      <subfield code="d">OCLCA</subfield>
      <subfield code="d">OCLCL</subfield>
      <subfield code="d">OCLCQ</subfield>
    </datafield>
    <datafield tag="035" ind1=" " ind2=" ">
      <subfield code="a">(OCoLC)965405051</subfield>
    </datafield>
    <datafield tag="041" ind1="1" ind2=" ">
      <subfield code="a">lat</subfield>
      <subfield code="h">grc</subfield>
      <subfield code="a">lat</subfield>
    </datafield>
    <datafield tag="100" ind1="0" ind2=" ">
      <subfield code="a">David de Augusta.</subfield>
    </datafield>
    <datafield tag="240" ind1="1" ind2="0">
      <subfield code="a">Profectus religiosorum.</subfield>
      <subfield code="n">Liber 3, caput 41.</subfield>
    </datafield>
    <datafield tag="245" ind1="1" ind2="0">
      <subfield code="a">De exterioris et interioris hominis compositione /</subfield>
      <subfield code="f">UBU Hs. 386 (Hs 1 L 2)</subfield>
      <subfield code="c">David de Augusta.</subfield>
    </datafield>
    <datafield tag="246" ind1="3" ind2=" ">
      <subfield code="a">Excerptum "ex profectibus religiosorum de pacientia"</subfield>
    </datafield>
    <datafield tag="260" ind1=" " ind2=" ">
      <subfield code="a">[Utrecht],</subfield>
      <subfield code="c">[1450-1500].</subfield>
    </datafield>
    <datafield tag="300" ind1=" " ind2=" ">
      <subfield code="a">278 fol. :</subfield>
      <subfield code="b">initialen met penwerk in Utrechtse stijl ;</subfield>
      <subfield code="c">220 x 145 mm.</subfield>
    </datafield>
    <datafield tag="336" ind1=" " ind2=" ">
      <subfield code="a">text</subfield>
      <subfield code="b">txt</subfield>
      <subfield code="2">rdacontent</subfield>
    </datafield>
    <datafield tag="337" ind1=" " ind2=" ">
      <subfield code="a">unmediated</subfield>
      <subfield code="b">n</subfield>
      <subfield code="2">rdamedia</subfield>
    </datafield>
    <datafield tag="338" ind1=" " ind2=" ">
      <subfield code="a">volume</subfield>
      <subfield code="b">nc</subfield>
      <subfield code="2">rdacarrier</subfield>
    </datafield>
    <datafield tag="340" ind1=" " ind2=" ">
      <subfield code="a">papier, perkament</subfield>
      <subfield code="k">1-2 kolommen, 24-50 regels, littera hybrida en littera cursiva.</subfield>
    </datafield>
    <datafield tag="500" ind1=" " ind2=" ">
      <subfield code="a">Retro-invoer Handschriften UB Utrecht.</subfield>
    </datafield>
    <datafield tag="500" ind1=" " ind2=" ">
      <subfield code="a">Bevat ook: De libero arbitrio / Lorenzo Valla; De officio sacerdotis / Thomas Aquinas; Annotationes de horis canonicis; Scriptum pro quodam inordinate gradus ecclesiasticos et praedicationis officium affectante / Gerardus Zerbolt de Zutphania; Tractatus de laude scriptorum / Johannes Gerson; De pollutione nocturna / Johannes Gerson; De exterioris et interioris hominis compositione / David de Augusta; Institutio monialis. Caput 6 / Petrus Damiani; De magna peccatoris respiratione, et dubiorum circa conscientiam decisione / Hugo de Sancto Victore; Epistola contra timorem inordinatum / Gerardus Magnus; Quadam de scrupulo, de cordis pusillanimitate et de timore / Gerardus Magnus; Sermo in solemnit. omnium sanctorum / Bernardus Claraevallensis; Apologia ad Guillelmum / Bernardus Claraevallensis; Passio praedicabilis domini nostri Jesu Christi; Passio Domini cum concordantiis IV Evangelistarum; Sermo de Absalon / Johannes Chrysostomus; Sermones nonnuli de B. Virgine; De abundantia exemplorum / Pseudo-Albertus Magnus; Tractatus de antichristo et fine mundi / Nicolaus de Argentina; Speculum animae / Henricus de Langenstein; Expositio parva Psalterii; Conclusiones de valore missae / Wilhelmus Block; Excerpta de poenitentia, de indulgentiis, cet.; Metra composita per dom. Balthasarem Cossam olim Papam Johannem XXIII depositum in Concilio Constantiensi a.d. 1416; Topographia et chronographia civitatis Trajectensis (metrice); Annotationes quaedam de invitatione ad bibendum, de ignorantia, de praecepto et dispositione ex libro S. Bernardi; Oratio habita in conventu Francfortensi die 15 Oct. a. 1454 / Enea Silvio Piccolomini; Bulla Pii II Papae pro expeditione contra Turchos, XI Kal. Nov. 1463; Responsiones ad interrogata de excommunicatione oppidi Daventriensis, quod partes Rudolphi de Diepholt sequebatur / mag. Johannes de Vorborch et mag. Henricus de Gorinchem.</subfield>
    </datafield>
    <datafield tag="500" ind1=" " ind2=" ">
      <subfield code="a">Bevat ook: Bulla de inclusione monialium, data Trajecti, 3 Sept. 1451 / Nicolaus Cusanus; Littera missa ad ecclesias Trajectenses de inclusione monialium, 27 Oct. (s.a.) / Nicolaus Cusanus; Quaedam de generali interdicto et de excommunicatione.</subfield>
    </datafield>
    <datafield tag="500" ind1=" " ind2=" ">
      <subfield code="a">"De exterioris et interioris hominis compositione [fol. 1r) is Profectus religiosum. Liber 3, caput 41; De exterioris et interioris hominis compositione [fol. 64v-070v) is Profectus religiosum. Liber 1, caput 27-41.</subfield>
    </datafield>
    <datafield tag="524" ind1=" " ind2=" ">
      <subfield code="a">Te citeren als: Universiteitsbibliotheek Utrecht Hs. 386 (Hs 1 L 2).</subfield>
    </datafield>
    <datafield tag="581" ind1=" " ind2=" ">
      <subfield code="a">G.H.J.W.J. Geesink, Gerard Zerbolt van Zutfen. Dissertatie Utrecht. Amsterdam 1879. P. 48, 143.</subfield>
    </datafield>
    <datafield tag="581" ind1=" " ind2=" ">
      <subfield code="a">P.A. Tiele, Catalogus codicum manu scriptorum Bibliothecae Universitatis Rheno-Trajectinae. I. Trajecti ad Rhenum / Hagae Comitis 1887. P. 130-132.</subfield>
    </datafield>
    <datafield tag="581" ind1=" " ind2=" ">
      <subfield code="a">A. Hulshof, Catalogus codicum manu scriptorum Bibliothecae Universitatis Rheno-Traiectinae. II. Traiecti ad Rhenum 1909. P. 60-61.</subfield>
    </datafield>
    <datafield tag="581" ind1=" " ind2=" ">
      <subfield code="a">Th.M.M. van Rooij, Gerard Zerbold van Zutphen. Dissertatie Nijmegen. Nijmegen, etc. 1936. P. 348 nr. 140.</subfield>
    </datafield>
    <datafield tag="581" ind1=" " ind2=" ">
      <subfield code="a">H. Silvestre, 'Les "Prolégomènes" à l'histoire de Groenendael du père Marc Dykmans', in: Scriptorium 17 (1963). P. 121.</subfield>
    </datafield>
    <datafield tag="581" ind1=" " ind2=" ">
      <subfield code="a">R. Goy, Die Überlieferung der Werke Hugos von St. Viktor. Ein Beitrag zur Kommunikationsgeschichte des Mittelalters. Stuttgart 1976. (= Monographien zur Geschichte des Mittelalters 14). P. 457 (fol. 71-72).</subfield>
    </datafield>
    <datafield tag="581" ind1=" " ind2=" ">
      <subfield code="a">Th. Hohmann, 'Initienregister der Werke Heinrichs von Langenstein', in: Traditio 32 (1976). P. 402 nr. 12 (fol. 200-207).</subfield>
    </datafield>
    <datafield tag="581" ind1=" " ind2=" ">
      <subfield code="a">M. Carasso-Kok, Repertorium van verhalende historische bronnen uit de middeleeuwen. Heiligenlevens, annalen, kronieken en andere in Nederland geschreven verhalende bronnen. 's-Gravenhage 1981. (= Bibliografische reeks van het Nederlands Historisch Genootschap 2). P. 401.</subfield>
    </datafield>
    <datafield tag="581" ind1=" " ind2=" ">
      <subfield code="a">Handschriften en oude drukken van de Utrechtse Universiteitsbibliotheek. Catalogus bij de tentoonstelling in het Centraal Museum te Utrecht ter gelegenheid van het 400-jarig bestaan van de bibliotheek der Rijksuniversiteit, 1584-1984. Utrecht 1984. P. 67.</subfield>
    </datafield>
    <datafield tag="581" ind1=" " ind2=" ">
      <subfield code="a">Chr. van Wijnbergen &amp; H. Zapp, Verzeichnis kanonistischer Handschriften in den Niederlanden). Würzburg 1988. (= Forschungen zur Kirchenrechtswissenschaft 3). P. p. 270-271 (fol. 223r-238v, 259r-269r, 274-275, 276-278).</subfield>
    </datafield>
    <datafield tag="581" ind1=" " ind2=" ">
      <subfield code="a">A.J. de Groot &amp; E.C.C. Coppens, Manuscripta canonistica Latina. Elenchus codicum necnon diplomatum iuris canonici ante a. 1600 in bibliothecis ac archivis neerlandicis. Nijmegen 1989. (= Rechtshistorische reeks van het Gerard Noodt Instituut 14). P. 399-400 nr. 1452 (fol. 18r-24v, 25r-v, 26r-47v, 64v-70r, 200 (tegumentum), 223r-238v, 259r-269r, 270-273, 274, 276-278).</subfield>
    </datafield>
    <datafield tag="581" ind1=" " ind2=" ">
      <subfield code="a">P.O. Kristeller, Iter Italicum. Accedunt alia itinera. A finding list of uncatalogued or incompletely catalogued humanistic manuscripts of the Renaissance in Italian and other libraries IV (alia itinera II): Great Britain to Spain. London etc. 1989. P. 383.</subfield>
    </datafield>
    <datafield tag="581" ind1=" " ind2=" ">
      <subfield code="a">R. Hofman, 'De functionaliteit van handschriften uit de Moderne Devotie', in: Geen povere schoonheid. Laat-Middeleeuwse kunst in verband met de Moderne Devotie. Nijmegen 2000. P. 183 nt. 58,</subfield>
    </datafield>
    <datafield tag="581" ind1=" " ind2=" ">
      <subfield code="a">Th. Kock, 'Zerbolt inkognito. Auf den Spuren des Traktats ''De vestibus pretiosis,''' in: Kirchenreform von unten. Gerhard Zerbolt von Zutphen und die Brüder vom gemeinsamen Leben (2003). P. 168, nt. 11.</subfield>
    </datafield>
    <datafield tag="581" ind1=" " ind2=" ">
      <subfield code="a">R.Th.M. van Dijk, 'Prolegomena ad Gerardi Magni Opera Omnia', in: Corpus Christianorum Continuatio mediaevalis; 192. P. 361-362.</subfield>
    </datafield>
    <datafield tag="530" ind1=" " ind2=" ">
      <subfield code="a">Also available in online version.</subfield>
    </datafield>
    <datafield tag="655" ind1=" " ind2="7">
      <subfield code="a">Handschriften (vorm)</subfield>
      <subfield code="0">088143309</subfield>
      <subfield code="2">gtt</subfield>
    </datafield>
    <datafield tag="700" ind1="1" ind2=" ">
      <subfield code="a">Valla, Lorenzo.</subfield>
    </datafield>
    <datafield tag="700" ind1="0" ind2=" ">
      <subfield code="a">Thomas, van Aquino,</subfield>
      <subfield code="d">1225-1274.</subfield>
      <subfield code="1">https://id.oclc.org/worldcat/entity/E39PBJyMkPRmyFpxV4XVwgRVG3</subfield>
    </datafield>
    <datafield tag="700" ind1="0" ind2=" ">
      <subfield code="a">Gerardus Zerbolt de Zutphania,</subfield>
      <subfield code="d">1367-1398.</subfield>
    </datafield>
    <datafield tag="700" ind1="1" ind2=" ">
      <subfield code="a">Gerson, Johannes,</subfield>
      <subfield code="d">1363-1419.</subfield>
    </datafield>
    <datafield tag="700" ind1="0" ind2=" ">
      <subfield code="a">Bonaventura,</subfield>
      <subfield code="d">1217-1274,</subfield>
      <subfield code="e">dubious author</subfield>
      <subfield code="e">dub.</subfield>
    </datafield>
    <datafield tag="700" ind1="0" ind2=" ">
      <subfield code="a">David de Augusta.</subfield>
      <subfield code="t">Profectus religiosorum.</subfield>
      <subfield code="n">Liber 1, caput 27-41.</subfield>
    </datafield>
    <datafield tag="700" ind1="0" ind2=" ">
      <subfield code="a">Petrus,</subfield>
      <subfield code="c">Damianus,</subfield>
      <subfield code="d">1007-1072.</subfield>
      <subfield code="1">https://id.oclc.org/worldcat/entity/E39PBJycKHkKpyvPHgmyYW83cP</subfield>
    </datafield>
    <datafield tag="700" ind1="0" ind2=" ">
      <subfield code="a">Hugo,</subfield>
      <subfield code="c">de Sancto-Victore,</subfield>
      <subfield code="d">ca. 1096-1141.</subfield>
      <subfield code="1">https://id.oclc.org/worldcat/entity/E39PBJv4mb47TBgrjkrx7gQpfq</subfield>
    </datafield>
    <datafield tag="700" ind1="0" ind2=" ">
      <subfield code="a">Geert,</subfield>
      <subfield code="c">Grote,</subfield>
      <subfield code="d">1340-1384.</subfield>
    </datafield>
    <datafield tag="700" ind1="0" ind2=" ">
      <subfield code="a">Bernardus Claraevallensis.</subfield>
    </datafield>
    <datafield tag="700" ind1="0" ind2=" ">
      <subfield code="a">Johannes Chrysostomus,</subfield>
      <subfield code="d">ca. 345-407,</subfield>
      <subfield code="e">attributed name.</subfield>
      <subfield code="4">att</subfield>
    </datafield>
    <datafield tag="700" ind1="0" ind2=" ">
      <subfield code="a">Albertus Magnus,</subfield>
      <subfield code="d">ca. 1200-1280,</subfield>
      <subfield code="e">dubious author.</subfield>
      <subfield code="4">dub</subfield>
    </datafield>
    <datafield tag="700" ind1="0" ind2=" ">
      <subfield code="a">Nicolaus de Argentina.</subfield>
      <subfield code="t">De adventu Christi.</subfield>
      <subfield code="n">Pars 3.</subfield>
    </datafield>
    <datafield tag="700" ind1="0" ind2=" ">
      <subfield code="a">Henricus de Langenstein,</subfield>
      <subfield code="d">1325-1397.</subfield>
    </datafield>
    <datafield tag="700" ind1="1" ind2=" ">
      <subfield code="a">Block, Wilhelmus,</subfield>
      <subfield code="c">theoloog.</subfield>
    </datafield>
    <datafield tag="700" ind1="0" ind2=" ">
      <subfield code="a">Joannes</subfield>
      <subfield code="b">XXIII,</subfield>
      <subfield code="c">tegenpaus,</subfield>
      <subfield code="d">ca. 1370-1419.</subfield>
      <subfield code="1">https://id.oclc.org/worldcat/entity/E39PBJqKdMxRBhvvykGRbdhvHC</subfield>
    </datafield>
    <datafield tag="700" ind1="1" ind2=" ">
      <subfield code="a">Piccolomini, Enea Silvio,</subfield>
      <subfield code="d">1405-1464.</subfield>
      <subfield code="1">https://id.oclc.org/worldcat/entity/E39PBJvXm7CM6qRPYXh7cJCYT3</subfield>
    </datafield>
    <datafield tag="700" ind1="0" ind2=" ">
      <subfield code="a">Pius.</subfield>
      <subfield code="b">II,</subfield>
      <subfield code="d">1405-1464.</subfield>
    </datafield>
    <datafield tag="700" ind1="0" ind2=" ">
      <subfield code="a">Johannes de Vorborch.</subfield>
    </datafield>
    <datafield tag="700" ind1="0" ind2=" ">
      <subfield code="a">Henricus de Gorinchem,</subfield>
      <subfield code="d">?-ca. 1460.</subfield>
    </datafield>
    <datafield tag="700" ind1="0" ind2=" ">
      <subfield code="a">Nicolaus,</subfield>
      <subfield code="c">Cusanus,</subfield>
      <subfield code="d">1401-1464.</subfield>
      <subfield code="1">https://id.oclc.org/worldcat/entity/E39PBJjXpCmMfKMwF6VcpqqCwC</subfield>
    </datafield>
    <datafield tag="710" ind1="2" ind2=" ">
      <subfield code="a">Regulierenklooster (Utrecht)</subfield>
      <subfield code="e">former owner.</subfield>
      <subfield code="4">fmo</subfield>
      <subfield code="5">NL-UtrU</subfield>
    </datafield>
    <datafield tag="710" ind1="2" ind2=" ">
      <subfield code="a">Ecclesia Catholica.</subfield>
      <subfield code="b">Papa (1458-1464 : Pius II).</subfield>
      <subfield code="t">Bulla contra Turchos.</subfield>
    </datafield>
    <datafield tag="740" ind1="0" ind2=" ">
      <subfield code="a">Dialogus de praescientia Dei et libero arbitrio.</subfield>
    </datafield>
    <datafield tag="740" ind1="0" ind2=" ">
      <subfield code="a">Tractatus de sacerdotis officio et VII sacramentis.</subfield>
    </datafield>
    <datafield tag="740" ind1="0" ind2=" ">
      <subfield code="a">Formula noviciorum.</subfield>
    </datafield>
    <datafield tag="740" ind1="0" ind2=" ">
      <subfield code="a">Epistola ad Blancam comitissam.</subfield>
    </datafield>
    <datafield tag="740" ind1="0" ind2=" ">
      <subfield code="a">Epistola contra timorem inordinatum.</subfield>
    </datafield>
    <datafield tag="740" ind1="0" ind2=" ">
      <subfield code="a">Apologeticum.</subfield>
    </datafield>
    <datafield tag="740" ind1="0" ind2=" ">
      <subfield code="a">Quaedam devota passio praedicabilis Domini nostri Jesu Christi.</subfield>
    </datafield>
    <datafield tag="740" ind1="0" ind2=" ">
      <subfield code="a">Tractatus de timore et ejus diversis speciebus.</subfield>
    </datafield>
    <datafield tag="740" ind1="0" ind2=" ">
      <subfield code="a">De multiplici timore.</subfield>
    </datafield>
    <datafield tag="740" ind1="0" ind2=" ">
      <subfield code="a">Conclusiones de participatione missarum.</subfield>
    </datafield>
    <datafield tag="758" ind1=" " ind2=" ">
      <subfield code="a">Profectus religiosorum Liber 3, caput 41 (Text)</subfield>
      <subfield code="1">https://id.oclc.org/worldcat/entity/E39PCFM9Vbmq6HgVTxYBByKkrC</subfield>
      <subfield code="4">https://id.oclc.org/worldcat/ontology/hasWork</subfield>
    </datafield>
    <datafield tag="776" ind1="0" ind2="8">
      <subfield code="i">Online version:</subfield>
      <subfield code="a">David de Augusta.</subfield>
      <subfield code="t">De exterioris et interioris hominis compositione / David de Augusta.</subfield>
      <subfield code="d">[Utrecht], [1450-1500].</subfield>
    </datafield>
    <datafield tag="856" ind1="4" ind2="1">
      <subfield code="u">http://objects.library.uu.nl/reader/resolver.php?obj=002651835&amp;type=2</subfield>
      <subfield code="x">Online</subfield>
      <subfield code="z">Full Text</subfield>
    </datafield>
    <datafield tag="936" ind1=" " ind2=" ">
      <subfield code="a">BATCHLOAD</subfield>
    </datafield>
  </record>